Dzień dobry, kocham Cię, Strachy Na Lachy - dokończ tekst - Statystyki

Ogólne statystyki
  • Ten quiz został rozwiązany 53 razy
  • Średni wynik to 29 z 45
Statystyki odpowiedzi
tekst brakujące słowo % Poprawnych
Dzień dobry, ...... cię kocham
86%
Dzień dobry, ...... cię kocham
86%
Dzień dobry, ...... cię kocham
86%
Dzień dobry, ...... cię kocham
86%
Dzień dobry (dzień dobry)...... cię kocham
86%
Dzień dobry, ...... cię kocham
86%
Dzień dobry (dzień dobry)...... cię kocham
86%
Bo chodzi o to, by odsiebie ... ..... za daleko nie upaść
86%
Tu chodzi o to by od siebie... ..... za daleko nie upaść
86%
Bo chodzi o to, by od siebie ... ..... za daleko nie upaść
86%
Już ............ tobąchleb posmarowałem
84%
Już ............ tobą chleb posmarowałem
84%
Już ............ tobą chleb posmarowałem
84%
Jak te dwa łyse........ nad rzeką kamienie
82%
Nie .. powiedzenia do
71%
Nie do ...........(nie do ...........) powiedzenia
71%
Podzielimy .... ten ogieńna dwoje dziś
67%
Podzielimy .... ten ogień na dwoje dziś
67%
Podzielimy .... ten ogień na dwoje dziś
67%
Nie chcę ... z ....stracić, więc cię, oczu
65%
Nie chcę ... z .... stracić, więc cię, oczu
65%
Nie chcę ... z .... stracić, więc cię, oczu
65%
Człowiek rzuca ...........,rzuca słuchawkami słuchawkami
65%
Jeszcze ......, dzień dobry(dzień dobry) kocham cię więcej
65%
Jeszcze ......, dzień dobry (dzień dobry) kocham cię więcej
65%
Kiedy długo ...... niewidzi pierwszego drugie
63%
Chodzą ..... nie do........... słowa, powiedzenia
63%
Chodzą ..... nie do ........... słowa, powiedzenia
63%
To ......... miastoniech o tym wie zapyziałe
61%
To ......... miasto niech o tym wie zapyziałe
61%
Chciałbym ci ......... z rana zaśpiewać
59%
Paranoje, we ..... dwoje
57%
Paranoje, we ..... dwoje
57%
.... - moje, .... - twoje para
55%
.... - moje, .... - twoje para
55%
....... więcej, ....... więcej,....... więcej, Jeszcze
51%
Onomatopeiczne, ............ paranormalne
47%
Że po ... głowie,czasem się ich boję mej
45%
Chodzi o to, .. ........chciało słuchać by, pierwsze
43%
Choćbyś nawet i wieczorem......... zdołowana zasypiała
43%
......., dzień dobry, kocham cię Kochana
41%
.............., paranormalne Onomatopeiczne
39%
Co .. to ......powiedzieć chce do ucha mu, drugie
37%
Nawet jeśli ...... międzynami wykipi mleko czasem
27%
Bo gdy siedzi ..... ......z czarnymi myślami człek samemu
24%
Nie znaleziono quizów pasujących do podanych kryteriów
Rozkład punktacji
Procent ludzi z każdym wynikiem
Percentyl według liczby udzielonych odpowiedzi
Twoja historia wyników
Nie rozwiązałeś tego quizu